Extremely Specific Pokemon Trivia - Statistics

General Stats
  • This quiz has been taken 24 times
  • The average score is 4 of 20
Answer Stats
Hint Answer % Correct
The only Ghost Pokemon that’s immune to Bug Shedinja
71%
Fully evolved Alolan form that’s 4x weak to Ground Golem
62%
The first pure Steel type Registeel
52%
This type has exactly 125 Pokemon including alternate forms Psychic
38%
This Pokemon’s abilities are Early Bird, Scrappy, and Inner Focus Kangaskhan
33%
Ability that makes the Pokemon’s attacks become critical hits if the target is poisoned Merciless
24%
The only Bug type status move introduced in Gen 3 Tail Glow
24%
Special Grass move that’s 80 power and lowers the target’s Special Defense Apple Acid
14%
Nature that raises Defense and lowers Special Attack Impish
14%
The only ability introduced in Gen 5 that starts with O Overcoat
14%
4x weak to Ice and the only TM it can learn is Attract Applin
10%
Held berry that reduces damage from a super effective Fighting type move Chople Berry
10%
Fighting type Pokemon found in Wellspring Cave in B2W2 Poliwrath
10%
Has a base stat total of 351 Krokorok
5%
Location in Galar that starts with N North Lake Miloch
5%
Has a base Special Defense stat of 109 Dusk Mane Necrozma
0%
Pokemon owned by Pokemon Ranger Keith in XY Gabite
0%
“It knows where pure water wells up. It carries fellow Pokemon there on its back” Grotle
0%
#169 in the ORAS Hoenn Pokedex Natu
0%
Trainer on Route 105 in ORAS with a Level 27 Nosepass Ruin Maniac Foster
0%
No matching quizzes found
Score Distribution
Percent of People with Each Score
Percentile by Number Answered
Your Score History
You have not taken this quiz